O efektívnej úrovni znečistenia životného prostredia

Ekonomická diferenciácia znečisťovania. Rozlišovanie kumulatívnych a nekumulatívnych foriem znečisťovania životného prostredia, ktoré si vyžadujú rôzny prístup pri hľadaní efektívnej regulácie v oblasti environmentálnej politiky. Efektívna alokácia kumulatívneho znečistenia. Efektívna alokácia nekum...

ver descrição completa

Na minha lista:
Detalhes bibliográficos
Autor principal: Čech, Jozef
Formato: Capítulo de Livro
Idioma:eslovaco
Assuntos:
Tags: Adicionar Tag
Sem tags, seja o primeiro a adicionar uma tag!

MARC

LEADER 00000naa a2200000 4500
001 0262191
005 20200205141443.9
041 0 |a slo 
044 |a SK 
245 1 0 |a O efektívnej úrovni znečistenia životného prostredia  |c Jozef Čech 
520 |a Ekonomická diferenciácia znečisťovania. Rozlišovanie kumulatívnych a nekumulatívnych foriem znečisťovania životného prostredia, ktoré si vyžadujú rôzny prístup pri hľadaní efektívnej regulácie v oblasti environmentálnej politiky. Efektívna alokácia kumulatívneho znečistenia. Efektívna alokácia nekumulatívneho znečistenia. Trh a efektívna úroveň znečistenia. Východiská pre nástroje environmentálnej politiky. Sociálne optimum úrovne znečistenia životného prostredia. 
610 2 0 |a prostredie životné 
610 2 0 |a znečistenie prostredia životného 
610 2 0 |a politika environmentálna 
610 2 0 |a škody 
610 2 0 |a náklady 
100 1 |a Čech, Jozef